| 000 | 00656nam a2200217Ia 4500 | ||
|---|---|---|---|
| 003 | OSt | ||
| 005 | 20230331162152.0 | ||
| 008 | 210423s2009 xx 000 0 und d | ||
| 020 | _a9780749455248 | ||
| 040 | _cAL | ||
| 041 | _aeng | ||
| 082 | _a658.15 BARC | ||
| 100 |
_aBARROW (Colin). _981171 |
||
| 245 | _aPractical financial management: guide to budgets, balance sheet, business finance. | ||
| 250 | _a7 | ||
| 260 |
_aLondon _bKogan Page Ltd _c2009 |
||
| 300 |
_axxv,196 _bPB |
||
| 365 |
_b295 _cINR |
||
| 906 | _abalance ; budgets, ; business ; finance. ; financial ; guide ; management. ; management: ; Practical ; sheet, | ||
| 942 |
_2ddc _cBK |
||
| 999 |
_c157743 _d157743 |
||